Prvé kroky úspešnej metódy? Magnetoterapia: štádium overovania

Bibliographic Details
Main Author: Nováková, Monika (Author)
Format: Article
Language:Slovak
PhysicalDescription:Obr. 1.
Subjects:

MARC

LEADER 00000nab a2200000 a 4500
001 vtls000272992
003 SK-MaSNL
005 20260302213745.0
008 220422c1987 xo 0 slo
015 |a SNBRB19rr/mm-uuuuu 
035 |a CL0283106 
040 |a SNKBUCL  |b slo  |c SNKBUCL  |e AACR2 
041 0 |a slo 
044 |a xo  |c SK 
080 |a 616.13-004.6:615.472  |2 1981 
080 |a 615.472  |2 1981 
080 |a 615.742  |2 1981 
100 1 |a Nováková, Monika  |4 aut  |9 6916 
245 1 0 |a Prvé kroky úspešnej metódy?  |b Magnetoterapia: štádium overovania  |c Monika Nováková 
300 |b Obr. 1. 
650 0 7 |a roztrúsená skleróza  |2 snkbucl  |9 117925 
650 0 7 |a magnetoterapia (med.)  |2 snkbucl  |9 940205 
655 7 |a články z novín a časopisov  |2 snkbucl  |9 267496 
773 0 |t Nové slovo  |g Roč. 29, č. 11 (1987), s. 8 
850 |a Slovenská národná knižnica v Martine  |a MTA001 
852 |a SNK  |b KIS3GCP 
958 |a RK 
958 |a ME 
992 |a RBX 
999 |c 1494792  |d 1496722